[Event "AUT-ch"]
[Site "Mureck"]
[Date "2001.08.14"]
[Round "10"]
[White "Moser, Eva"]
[Black "Pilaj, Herwig"]
[Result "0-1"]
[WhiteElo "2361"]
[BlackElo "2297"]
[PlyCount "98"]
[EventDate "2001.08.05"]
[EventType "tourn"]
[EventRounds "15"]
[EventCountry "AUT"]
[EventCategory "5"]
[SourceTitle "CBM 083 Extra"]
[Source "ChessBase"]
[SourceDate "2001.09.11"]
[SourceVersion "1"]
[SourceVersionDate "2001.09.11"]
[SourceQuality "1"]

1. g3 g6 2. Bg2 Bg7 3. e4 c5 4. d3 Nc6 5. f4 d6 6. Nf3 Nf6 7. O-O O-O 8. h3 b5
9. g4 a5 10. Nc3 b4 11. Ne2 c4 12. g5 Qb6+ 13. Kh2 cxd3 14. cxd3 Nd7 15. d4 Ba6
16. d5 Bxe2 17. Qxe2 Nd4 18. Qd1 Nxf3+ 19. Rxf3 Qd4 20. Qe2 Rfc8 21. Rf2 Qc4
22. Be3 Qxe2 23. Rxe2 Rc4 24. Rc1 Rxc1 25. Bxc1 Rc8 26. Be3 a4 27. Kg1 b3 28.
axb3 axb3 29. Kf2 Rc2 30. e5 Rxe2+ 31. Kxe2 dxe5 32. Kd3 exf4 33. Bxf4 Bxb2 34.
Kc4 Be5 35. Bxe5 Nxe5+ 36. Kxb3 Kf8 37. Kc3 Ke8 38. Kd4 Nd7 39. Bf3 Kd8 40. Bg4
Kc7 41. h4 Kd6 42. h5 Nb6 43. Bf3 Na8 44. Be2 Nc7 45. hxg6 hxg6 46. Bc4 e6 47.
dxe6 Nxe6+ 48. Ke4 Nxg5+ 49. Kf4 Ne6+ 0-1

[Event "AUT-ch"]
[Site "Mureck"]
[Date "2001.08.13"]
[Round "9"]
[White "Volkmann, Friedrich Karl"]
[Black "Moser, Eva"]
[Result "1/2-1/2"]
[WhiteElo "2406"]
[BlackElo "2361"]
[PlyCount "25"]
[EventDate "2001.08.05"]
[EventType "tourn"]
[EventRounds "15"]
[EventCountry "AUT"]
[EventCategory "5"]
[SourceTitle "CBM 083 Extra"]
[Source "ChessBase"]
[SourceDate "2001.09.11"]
[SourceVersion "1"]
[SourceVersionDate "2001.09.11"]
[SourceQuality "1"]

1. e4 e6 2. d4 d5 3. exd5 exd5 4. Nf3 Bg4 5. c4 Bb4+ 6. Nc3 Qe7+ 7. Be3 Nf6 8.
Be2 dxc4 9. Bxc4 O-O 10. O-O Nbd7 11. Re1 Nb6 12. Bb3 Rfe8 13. h3 1/2-1/2

[Event "AUT-ch"]
[Site "Mureck"]
[Date "2001.08.12"]
[Round "8"]
[White "Moser, Eva"]
[Black "Sommerbauer, Norbert"]
[Result "1/2-1/2"]
[WhiteElo "2361"]
[BlackElo "2422"]
[PlyCount "55"]
[EventDate "2001.08.05"]
[EventType "tourn"]
[EventRounds "15"]
[EventCountry "AUT"]
[EventCategory "5"]
[SourceTitle "CBM 083 Extra"]
[Source "ChessBase"]
[SourceDate "2001.09.11"]
[SourceVersion "1"]
[SourceVersionDate "2001.09.11"]
[SourceQuality "1"]

1. e4 c5 2. g3 d5 3. exd5 Qxd5 4. Nf3 Bg4 5. Bg2 Qe6+ 6. Kf1 Nc6 7. h3 Bh5 8.
Nc3 Nf6 9. d3 Qd7 10. g4 Bg6 11. Bf4 e6 12. Ne5 Nxe5 13. Bxe5 Nd5 14. Nxd5 exd5
15. Qf3 f6 16. Bg3 O-O-O 17. h4 Bd6 18. Qxd5 Bxg3 19. Qxd7+ Rxd7 20. fxg3 c4
21. h5 Bf7 22. Be4 Bd5 23. Bxd5 Rxd5 24. Rd1 Rhd8 25. Ke2 Rg5 26. dxc4 Rxg4 27.
Kf3 Rxc4 28. c3 1/2-1/2

[Event "AUT-ch"]
[Site "Mureck"]
[Date "2001.08.11"]
[Round "7"]
[White "Moser, Eva"]
[Black "Lendwai, Reinhard"]
[Result "1-0"]
[WhiteElo "2361"]
[BlackElo "2380"]
[PlyCount "73"]
[EventDate "2001.08.05"]
[EventType "tourn"]
[EventRounds "15"]
[EventCountry "AUT"]
[EventCategory "5"]
[SourceTitle "CBM 083 Extra"]
[Source "ChessBase"]
[SourceDate "2001.09.11"]
[SourceVersion "1"]
[SourceVersionDate "2001.09.11"]
[SourceQuality "1"]

1. e4 c6 2. d4 d5 3. e5 Bf5 4. Nc3 Qb6 5. Nf3 e6 6. Be2 Nd7 7. O-O Ne7 8. b3
Bg4 9. Na4 Qc7 10. c4 Bxf3 11. Bxf3 Nb6 12. Nxb6 Qxb6 13. c5 Qc7 14. b4 Ng6 15.
Qe2 Be7 16. Bg4 Nh4 17. Rb1 g6 18. Bh6 Nf5 19. Bxf5 gxf5 20. b5 Rg8 21. bxc6
Qxc6 22. Rb3 b6 23. cxb6 axb6 24. Rc1 Qa4 25. Rxb6 Rg6 26. Qd2 Bd8 27. Rb2 Ba5
28. Qe3 Rg4 29. Bf4 Bb4 30. Rcb1 Ba3 31. Rb3 Bc5 32. dxc5 Qxf4 33. Qd3 Qc4 34.
Qh3 Rg7 35. Qh6 Rxa2 36. Rb8+ Kd7 37. Qxg7 1-0

[Event "AUT-ch"]
[Site "Mureck"]
[Date "2001.08.10"]
[Round "6"]
[White "Baumegger, Siegfried"]
[Black "Moser, Eva"]
[Result "1-0"]
[WhiteElo "2357"]
[BlackElo "2361"]
[PlyCount "103"]
[EventDate "2001.08.05"]
[EventType "tourn"]
[EventRounds "15"]
[EventCountry "AUT"]
[EventCategory "5"]
[SourceTitle "CBM 083 Extra"]
[Source "ChessBase"]
[SourceDate "2001.09.11"]
[SourceVersion "1"]
[SourceVersionDate "2001.09.11"]
[SourceQuality "1"]

1. e4 c5 2. Nf3 Nc6 3. d4 cxd4 4. Nxd4 Nf6 5. Nc3 e5 6. Ndb5 d6 7. Bg5 a6 8.
Na3 b5 9. Bxf6 gxf6 10. Nd5 f5 11. exf5 Bxf5 12. c3 Bg7 13. Nc2 Be6 14. g3 O-O
15. Bg2 a5 16. O-O Rb8 17. a3 Qd7 18. Qe2 f5 19. f4 e4 20. Rfd1 Ne7 21. Nxe7+
Qxe7 22. Rd2 Rb6 23. Bf1 Qc7 24. Qe3 Qc5 25. Kf2 Rc8 26. Nd4 Bxd4 27. Qxd4 b4
28. axb4 axb4 29. Qxc5 Rxc5 30. cxb4 Rxb4 31. Rxd6 Rxb2+ 32. Kg1 Ba2 33. Rd7
Rcc2 34. Ra7 Bf7 35. Re7 Ra2 36. Rxa2 Bxa2 37. Bh3 Rc1+ 38. Kf2 Rc2+ 39. Ke3
Rxh2 40. Bxf5 Rg2 41. g4 h6 42. Ra7 Bf7 43. Kxe4 Re2+ 44. Kd4 Kg7 45. Bd3 Re8
46. Bc4 Rf8 47. f5 Kf6 48. Rxf7+ Rxf7 49. Bxf7 Kxf7 50. Ke5 Ke7 51. f6+ Kf8 52.
Ke6 1-0

[Event "AUT-ch"]
[Site "Mureck"]
[Date "2001.08.09"]
[Round "5"]
[White "Moser, Eva"]
[Black "Wukits, Rene"]
[Result "1-0"]
[WhiteElo "2361"]
[BlackElo "2269"]
[PlyCount "45"]
[EventDate "2001.08.05"]
[EventType "tourn"]
[EventRounds "15"]
[EventCountry "AUT"]
[EventCategory "5"]
[SourceTitle "CBM 083 Extra"]
[Source "ChessBase"]
[SourceDate "2001.09.11"]
[SourceVersion "1"]
[SourceVersionDate "2001.09.11"]
[SourceQuality "1"]

1. e4 c5 2. g3 g6 3. Bg2 Bg7 4. f4 d6 5. Nf3 Nc6 6. O-O e6 7. d3 Nge7 8. c3 O-O
9. Be3 Rb8 10. d4 b6 11. Na3 Ba6 12. Re1 Na5 13. Bf2 Rc8 14. Rc1 cxd4 15. Bxd4
Bxd4+ 16. Qxd4 d5 17. exd5 Nxd5 18. Ne5 Nf6 19. b4 Qe7 20. Nb1 Rfd8 21. Qf2 Nc4
22. Nc6 Rxc6 23. Bxc6 1-0

[Event "AUT-ch"]
[Site "Mureck"]
[Date "2001.08.08"]
[Round "4"]
[White "Mahdy, Khaled"]
[Black "Moser, Eva"]
[Result "1/2-1/2"]
[WhiteElo "2348"]
[BlackElo "2361"]
[PlyCount "39"]
[EventDate "2001.08.05"]
[EventType "tourn"]
[EventRounds "15"]
[EventCountry "AUT"]
[EventCategory "5"]
[SourceTitle "CBM 083 Extra"]
[Source "ChessBase"]
[SourceDate "2001.09.11"]
[SourceVersion "1"]
[SourceVersionDate "2001.09.11"]
[SourceQuality "1"]

1. e4 c5 2. Nf3 Nc6 3. Bb5 g6 4. O-O Bg7 5. Bxc6 bxc6 6. d3 Nh6 7. Re1 O-O 8.
c3 f6 9. h3 d6 10. d4 cxd4 11. cxd4 e5 12. Nc3 Nf7 13. Be3 Bb7 14. dxe5 fxe5
15. Qb3 Qe7 16. Rad1 h6 17. Rd2 Kh7 18. Red1 Rfd8 19. Qc4 a5 20. a3 1/2-1/2

[Event "AUT-ch"]
[Site "Mureck"]
[Date "2001.08.07"]
[Round "3"]
[White "Moser, Eva"]
[Black "Brandner, Stefan"]
[Result "1/2-1/2"]
[WhiteElo "2361"]
[BlackElo "2276"]
[PlyCount "42"]
[EventDate "2001.08.05"]
[EventType "tourn"]
[EventRounds "15"]
[EventCountry "AUT"]
[EventCategory "5"]
[SourceTitle "CBM 083 Extra"]
[Source "ChessBase"]
[SourceDate "2001.09.11"]
[SourceVersion "1"]
[SourceVersionDate "2001.09.11"]
[SourceQuality "1"]

1. e4 e5 2. f4 d5 3. exd5 c6 4. Nc3 exf4 5. Nf3 Bd6 6. d4 Ne7 7. dxc6 Nbxc6 8.
Bc4 O-O 9. Ne4 Bg4 10. O-O Rc8 11. c3 Ng6 12. Neg5 Bxf3 13. Nxf3 Nxd4 14. Bxf7+
Rxf7 15. cxd4 Kh8 16. Qb3 Qd7 17. Bd2 Rf5 18. Rae1 Ne7 19. Rf2 Nd5 20. Rfe2
Rcf8 21. Qd3 a6 1/2-1/2

[Event "AUT-ch"]
[Site "Mureck"]
[Date "2001.08.06"]
[Round "2"]
[White "Fahrner, Kurt"]
[Black "Moser, Eva"]
[Result "1-0"]
[WhiteElo "2365"]
[BlackElo "2361"]
[PlyCount "72"]
[EventDate "2001.08.05"]
[EventType "tourn"]
[EventRounds "15"]
[EventCountry "AUT"]
[EventCategory "5"]
[SourceTitle "CBM 083 Extra"]
[Source "ChessBase"]
[SourceDate "2001.09.11"]
[SourceVersion "1"]
[SourceVersionDate "2001.09.11"]
[SourceQuality "1"]

1. c4 f5 2. d4 e6 3. g3 Nf6 4. Bg2 Be7 5. Nf3 d6 6. Nc3 O-O 7. O-O Qe8 8. b3 a5
9. Bb2 Na6 10. Re1 Qh5 11. e3 c6 12. Na4 Nd7 13. d5 cxd5 14. Nd4 Qxd1 15. Rexd1
Ndc5 16. Nb6 Rb8 17. cxd5 e5 18. Nb5 Bd7 19. Nxd7 Nxd7 20. Bc3 a4 21. bxa4 Rfc8
22. Bh3 g6 23. e4 Rc5 24. Bd2 Rf8 25. Rab1 Rc4 26. exf5 gxf5 27. a5 Kg7 28. a3
Rc5 29. Bf1 Rxd5 30. Bh6+ Kxh6 31. Rxd5 Nf6 32. Rdd1 d5 33. Nc3 d4 34. Rxb7
dxc3 35. Rxe7 Nc5 36. Rc1 Kg6 1-0

[Event "AUT-ch"]
[Site "Mureck"]
[Date "2001.08.05"]
[Round "1"]
[White "Moser, Eva"]
[Black "Weiss, Christian"]
[Result "1/2-1/2"]
[WhiteElo "2361"]
[BlackElo "2403"]
[PlyCount "42"]
[EventDate "2001.08.05"]
[EventType "tourn"]
[EventRounds "15"]
[EventCountry "AUT"]
[EventCategory "5"]
[SourceTitle "CBM 083 Extra"]
[Source "ChessBase"]
[SourceDate "2001.09.11"]
[SourceVersion "1"]
[SourceVersionDate "2001.09.11"]
[SourceQuality "1"]

1. e4 c5 2. Nc3 Nc6 3. g3 g6 4. Bg2 Bg7 5. d3 e6 6. f4 d6 7. Nf3 Nge7 8. O-O
O-O 9. Be3 Nd4 10. Rb1 Nec6 11. Ne2 b6 12. c3 Nxe2+ 13. Qxe2 Bb7 14. d4 cxd4
15. Nxd4 Nxd4 16. Bxd4 Bxd4+ 17. cxd4 Qd7 18. Rfc1 Rfc8 19. Qd2 Qa4 20. a3 Qb3
21. Kf2 d5 1/2-1/2

[Event "EU-ch 2nd (Women)"]
[Site "Warsaw"]
[Date "2001.05.03"]
[Round "11"]
[White "Moser, Eva"]
[Black "Andersson, Christin"]
[Result "1-0"]
[WhiteElo "2309"]
[BlackElo "2115"]
[PlyCount "47"]
[EventDate "2001.04.22"]
[EventType "swiss"]
[EventRounds "11"]
[EventCountry "POL"]
[SourceTitle "CBM 082 Extra"]
[Source "ChessBase"]
[SourceDate "2001.07.03"]
[SourceVersion "1"]
[SourceVersionDate "2001.07.03"]
[SourceQuality "1"]

1. e3 e5 2. b3 d5 3. Bb2 Bd6 4. Nf3 Nd7 5. c4 Ngf6 6. Nc3 e4 7. Nd4 dxc4 8.
bxc4 Ne5 9. f4 exf3 10. Nxf3 Bg4 11. Be2 Bxf3 12. Bxf3 h5 13. Qb3 Nxf3+ 14.
gxf3 O-O 15. O-O-O a5 16. Rdg1 Ra6 17. Nd5 Be7 18. Qc3 Kh8 19. Qe5 Re6 20. Qg5
g6 21. Qh6+ Kg8 22. Rxg6+ fxg6 23. Qxg6+ Kh8 24. Qh6+ 1-0

[Event "EU-ch 2nd (Women)"]
[Site "Warsaw"]
[Date "2001.05.02"]
[Round "10"]
[White "Zatonskih, Anna"]
[Black "Moser, Eva"]
[Result "1-0"]
[WhiteElo "2427"]
[BlackElo "2309"]
[PlyCount "159"]
[EventDate "2001.04.22"]
[EventType "swiss"]
[EventRounds "11"]
[EventCountry "POL"]
[SourceTitle "CBM 082 Extra"]
[Source "ChessBase"]
[SourceDate "2001.07.03"]
[SourceVersion "1"]
[SourceVersionDate "2001.07.03"]
[SourceQuality "1"]

1. e4 b6 2. d4 Bb7 3. Bd3 Nf6 4. Qe2 e6 5. Nf3 c5 6. c3 Be7 7. O-O Nc6 8. a3
Na5 9. Nbd2 c4 10. Bc2 Qc7 11. Re1 O-O 12. Rb1 Nh5 13. Ne5 Nf4 14. Qg4 f6 15.
Qxf4 Bd6 16. Qh4 fxe5 17. Nf3 Rae8 18. dxe5 Bc5 19. Be3 Re7 20. Rbd1 h6 21. Qg3
Bxe3 22. Rxe3 Ref7 23. Re2 Nc6 24. Red2 b5 25. h3 Bc8 26. Nd4 a6 27. Nxc6 Qxc6
28. Qe3 Qc7 29. Qd4 Bb7 30. Qd6 Qc8 31. f3 Bc6 32. b3 cxb3 33. Bxb3 Kh8 34. Qd4
Rf4 35. c4 Qe8 36. cxb5 axb5 37. Kh2 h5 38. a4 Qa8 39. axb5 Bxb5 40. Rb1 Bc6
41. Ra1 Qb7 42. Ba4 R4f7 43. Bxc6 dxc6 44. Qd6 Re8 45. Rc1 Rc7 46. Rdc2 h4 47.
Rc5 Rd7 48. Qxc6 Qxc6 49. Rxc6 g5 50. Rd6 Rde7 51. g3 Rb7 52. Rdc6 Rb2+ 53.
R1c2 Rb5 54. R6c5 Rb3 55. Kg2 Rf8 56. R5c3 Rb5 57. Rc8 Rxc8 58. Rxc8+ Kg7 59.
gxh4 gxh4 60. Rc7+ Kg6 61. f4 Rb3 62. Re7 Rb2+ 63. Kf1 Rb6 64. Re8 Kg7 65. Kf2
Rb3 66. Re7+ Kf8 67. Rxe6 Rxh3 68. f5 Ra3 69. Rh6 h3 70. e6 Ke7 71. e5 Ra2+ 72.
Kg3 Re2 73. Rh7+ Kd8 74. Rxh3 Rxe5 75. Kf4 Re1 76. Kg5 Ke7 77. Rh7+ Kd6 78.
Rd7+ Ke5 79. e7 Rg1+ 80. Kh4 1-0

[Event "EU-ch 2nd (Women)"]
[Site "Warsaw"]
[Date "2001.05.01"]
[Round "9"]
[White "Klinova, Masha"]
[Black "Moser, Eva"]
[Result "1/2-1/2"]
[WhiteElo "2368"]
[BlackElo "2309"]
[PlyCount "92"]
[EventDate "2001.04.22"]
[EventType "swiss"]
[EventRounds "11"]
[EventCountry "POL"]
[SourceTitle "CBM 082 Extra"]
[Source "ChessBase"]
[SourceDate "2001.07.03"]
[SourceVersion "1"]
[SourceVersionDate "2001.07.03"]
[SourceQuality "1"]

1. e4 g6 2. d4 c6 3. Nc3 d5 4. e5 h5 5. f4 Nh6 6. Be3 Qa5 7. h3 Nf5 8. Bf2 e6
9. Nf3 Ba3 10. Qc1 c5 11. Bb5+ Kf8 12. dxc5 d4 13. Nxd4 Nxd4 14. Bxd4 Qb4 15.
bxa3 Qxd4 16. Qd2 Qxc5 17. a4 a6 18. Ne4 Qd5 19. Bd3 Bd7 20. O-O Bc6 21. Qb4+
Kg7 22. Rf2 Nd7 23. Re1 a5 24. Qe7 Rhe8 25. Qg5 Kf8 26. Nd6 Re7 27. Kh2 Qd4 28.
Rd2 Qxa4 29. Red1 Nc5 30. Bxg6 fxg6 31. Qf6+ Kg8 32. Qxe7 Qxf4+ 33. Kh1 Rf8 34.
h4 Qg4 35. Qg5 Qxg5 36. hxg5 Rf4 37. Kg1 Rg4 38. Rf2 Rxg5 39. Nf7 Rg3 40. Rd8+
Kg7 41. Nd6 Ne4 42. Nxe4 Bxe4 43. c4 Rc3 44. Rd1 Bf5 45. Rd4 Rc1+ 46. Kh2 Rb1
1/2-1/2

[Event "EU-ch 2nd (Women)"]
[Site "Warsaw"]
[Date "2001.04.30"]
[Round "8"]
[White "Moser, Eva"]
[Black "Vasilevich, Tatjana"]
[Result "1/2-1/2"]
[WhiteElo "2309"]
[BlackElo "2436"]
[PlyCount "38"]
[EventDate "2001.04.22"]
[EventType "swiss"]
[EventRounds "11"]
[EventCountry "POL"]
[SourceTitle "CBM 082 Extra"]
[Source "ChessBase"]
[SourceDate "2001.07.03"]
[SourceVersion "1"]
[SourceVersionDate "2001.07.03"]
[SourceQuality "1"]

1. e4 c5 2. g3 e6 3. Bg2 Nc6 4. d3 d5 5. Nd2 b6 6. Ngf3 Bd6 7. O-O Nge7 8. Re1
Bc7 9. Qe2 Nb4 10. Nf1 dxe4 11. Qxe4 Rb8 12. a3 Nbd5 13. h4 O-O 14. N1h2 Bb7
15. Qe2 Nc6 16. Ng4 Qd7 17. Nge5 Nxe5 18. Nxe5 Bxe5 19. Qxe5 Nc7 1/2-1/2

[Event "EU-ch 2nd (Women)"]
[Site "Warsaw"]
[Date "2001.04.29"]
[Round "7"]
[White "Moser, Eva"]
[Black "Ovod, Evgenija"]
[Result "1/2-1/2"]
[WhiteElo "2309"]
[BlackElo "2383"]
[PlyCount "85"]
[EventDate "2001.04.22"]
[EventType "swiss"]
[EventRounds "11"]
[EventCountry "POL"]
[SourceTitle "CBM 082 Extra"]
[Source "ChessBase"]
[SourceDate "2001.07.03"]
[SourceVersion "1"]
[SourceVersionDate "2001.07.03"]
[SourceQuality "1"]

1. e4 e5 2. f4 exf4 3. Nf3 d5 4. exd5 Nf6 5. Bb5+ c6 6. dxc6 Nxc6 7. d4 Bd6 8.
O-O O-O 9. c4 Bg4 10. Nc3 Rc8 11. Bxc6 Rxc6 12. Qd3 Qc8 13. Ne5 Bxe5 14. dxe5
Rd8 15. Qc2 Bf5 16. Qf2 Ne4 17. Nxe4 Bxe4 18. Qxf4 Bg6 19. b3 b5 20. cxb5 Rc2
21. Be3 Qb7 22. Rf2 Rxf2 23. Qxf2 Qxb5 24. Bxa7 Rc8 25. Be3 Qxe5 26. Rc1 Re8
27. Bd4 Qd5 28. h3 h5 29. Bb2 f6 30. Kh2 Qd6+ 31. Kg1 Kh7 32. Re1 Rc8 33. Rc1
Re8 34. Re1 Rd8 35. Qe3 Rd7 36. Bc3 Qc6 37. Bb2 Qc2 38. Qc3 Rd2 39. Qxc2 Rxc2
40. Bd4 Rd2 41. Bc5 Rxa2 42. b4 Rb2 43. Rf1 1/2-1/2

[Event "EU-ch 2nd (Women)"]
[Site "Warsaw"]
[Date "2001.04.27"]
[Round "6"]
[White "Shumiakina, Tatiana"]
[Black "Moser, Eva"]
[Result "1/2-1/2"]
[WhiteElo "2376"]
[BlackElo "2309"]
[PlyCount "88"]
[EventDate "2001.04.22"]
[EventType "swiss"]
[EventRounds "11"]
[EventCountry "POL"]
[SourceTitle "CBM 082 Extra"]
[Source "ChessBase"]
[SourceDate "2001.07.03"]
[SourceVersion "1"]
[SourceVersionDate "2001.07.03"]
[SourceQuality "1"]

1. d4 e6 2. c4 f5 3. Nf3 Nf6 4. g3 d6 5. Bg2 Be7 6. O-O O-O 7. Nc3 Qe8 8. Re1
Qg6 9. e4 Nxe4 10. Nxe4 fxe4 11. Rxe4 Nc6 12. Qe2 Bf6 13. Bd2 e5 14. dxe5 Nxe5
15. Nxe5 Bxe5 16. Bb4 Bf6 17. Qd2 Bd7 18. Rae1 Bc6 19. R4e2 Bxg2 20. Kxg2 Kh8
21. Qe3 Qg4 22. f4 Qd7 23. Qe4 h6 24. Bc3 Bxc3 25. bxc3 b6 26. h3 Rad8 27. g4
d5 28. cxd5 Qxd5 29. Qxd5 Rxd5 30. Kf3 Rc5 31. Rc2 Rd8 32. f5 Kg8 33. Re3 Rcd5
34. Rce2 Rd3 35. Rxd3 Rxd3+ 36. Re3 Rd5 37. Ke4 Rc5 38. Kd4 Kf7 39. Re6 Ra5 40.
Rc6 Rxa2 41. Rxc7+ Kf6 42. Rc6+ Kf7 43. Rc7+ Kf6 44. Rc6+ Kf7 1/2-1/2

[Event "EU-ch 2nd (Women)"]
[Site "Warsaw"]
[Date "2001.04.26"]
[Round "5"]
[White "Moser, Eva"]
[Black "Michna, Marta"]
[Result "1-0"]
[WhiteElo "2309"]
[BlackElo "2377"]
[PlyCount "55"]
[EventDate "2001.04.22"]
[EventType "swiss"]
[EventRounds "11"]
[EventCountry "POL"]
[SourceTitle "CBM 082 Extra"]
[Source "ChessBase"]
[SourceDate "2001.07.03"]
[SourceVersion "1"]
[SourceVersionDate "2001.07.03"]
[SourceQuality "1"]

1. e4 e6 2. d4 d5 3. Be3 dxe4 4. f3 Nh6 5. Qd2 Nf5 6. fxe4 Qh4+ 7. Bf2 Qxe4+ 8.
Ne2 Qc6 9. Nbc3 Nd7 10. O-O-O Bb4 11. d5 exd5 12. g4 d4 13. Nxd4 Nxd4 14. Bxd4
O-O 15. Bg2 Qg6 16. a3 Ba5 17. Qf4 c5 18. Be4 Qa6 19. Bxg7 Kxg7 20. Rd6 Qxd6
21. Qxd6 Re8 22. Qf4 Bd8 23. Bxh7 Nf8 24. Bf5 Ne6 25. Bxe6 Bxe6 26. h4 Be7 27.
Nb5 Bd5 28. Qe5+ 1-0

[Event "EU-ch 2nd (Women)"]
[Site "Warsaw"]
[Date "2001.04.24"]
[Round "3"]
[White "Moser, Eva"]
[Black "Peng, Zhaoqin"]
[Result "1-0"]
[WhiteElo "2309"]
[BlackElo "2391"]
[PlyCount "59"]
[EventDate "2001.04.22"]
[EventType "swiss"]
[EventRounds "11"]
[EventCountry "POL"]
[SourceTitle "CBM 082 Extra"]
[Source "ChessBase"]
[SourceDate "2001.07.03"]
[SourceVersion "1"]
[SourceVersionDate "2001.07.03"]
[SourceQuality "1"]

1. e4 c5 2. g3 d5 3. exd5 Qxd5 4. Nf3 Bg4 5. Bg2 Nc6 6. h3 Qe6+ 7. Kf1 Bh5 8.
Nc3 Nf6 9. d3 Qd7 10. g4 Bg6 11. Bf4 e6 12. Ne5 Nxe5 13. Bxe5 Nd5 14. Nxd5 exd5
15. c4 dxc4 16. dxc4 O-O-O 17. Qxd7+ Rxd7 18. Bd5 f6 19. Bg3 Bf7 20. Bxf7 Rxf7
21. Rd1 Be7 22. Kg2 f5 23. Rhe1 fxg4 24. hxg4 h5 25. gxh5 Rxh5 26. Rd3 Rh8 27.
Rd5 b6 28. Re6 Bf6 29. b3 Rd8 30. Rc6+ 1-0

[Event "EU-ch 2nd (Women)"]
[Site "Warsaw"]
[Date "2001.04.22"]
[Round "1"]
[White "Moser, Eva"]
[Black "Just, Anita"]
[Result "1/2-1/2"]
[WhiteElo "2309"]
[BlackElo "2061"]
[PlyCount "91"]
[EventDate "2001.04.22"]
[EventType "swiss"]
[EventRounds "11"]
[EventCountry "POL"]
[SourceTitle "CBM 082 Extra"]
[Source "ChessBase"]
[SourceDate "2001.07.03"]
[SourceVersion "1"]
[SourceVersionDate "2001.07.03"]
[SourceQuality "1"]

1. c4 e6 2. g3 f5 3. Bg2 Nf6 4. Nf3 Be7 5. O-O O-O 6. d4 d6 7. Nc3 a5 8. Re1
Na6 9. b3 Bd7 10. e4 fxe4 11. Nxe4 Nxe4 12. Rxe4 Bf6 13. Bb2 Qe7 14. Qd2 b6 15.
Rae1 Rae8 16. R1e2 Qf7 17. R4e3 Qh5 18. Ne1 Qh6 19. Nd3 Bg5 20. f4 Bf6 21. Nf2
Qg6 22. Be4 Qh6 23. Ng4 Qh5 24. Nxf6+ gxf6 25. g4 Qh6 26. Rg3 Rf7 27. g5 fxg5
28. Rxg5+ Kf8 29. f5 Qf6 30. Reg2 Ke7 31. c5 Nb4 32. Bf3 Nd5 33. Bh5 Ref8 34.
Bxf7 Rxf7 35. Rh5 Bc6 36. Qg5 Qxg5 37. Rgxg5 Ne3 38. Bc1 Nxf5 39. cxb6 cxb6 40.
Bb2 Ne3 41. h4 Rf1+ 42. Kh2 Rf2+ 43. Kh3 Rxb2 44. Rxh7+ Kf8 45. Rh8+ Kf7 46.
Rh7+ 1/2-1/2

[Event "AUT North-ch"]
[Site "Linz"]
[Date "2001.04.14"]
[Round "9"]
[White "Moser, Eva"]
[Black "Weiss, Christian"]
[Result "1/2-1/2"]
[WhiteElo "2309"]
[BlackElo "2372"]
[PlyCount "20"]
[EventDate "2001.04.06"]
[EventType "swiss"]
[EventRounds "9"]
[EventCountry "AUT"]
[SourceTitle "EXT 2006"]
[Source "ChessBase"]
[SourceDate "2005.11.24"]
[SourceVersion "1"]
[SourceVersionDate "2005.11.24"]
[SourceQuality "1"]

1. c4 Nf6 2. Nf3 c5 3. g3 g6 4. Bg2 Bg7 5. O-O O-O 6. Nc3 Nc6 7. d4 cxd4 8.
Nxd4 Nxd4 9. Qxd4 d6 10. e4 Be6 1/2-1/2

[Event "AUT North-ch"]
[Site "Linz"]
[Date "2001.04.13"]
[Round "8"]
[White "Knoll, Hermann"]
[Black "Moser, Eva"]
[Result "1/2-1/2"]
[WhiteElo "2278"]
[BlackElo "2309"]
[PlyCount "89"]
[EventDate "2001.04.06"]
[EventType "swiss"]
[EventRounds "9"]
[EventCountry "AUT"]
[SourceTitle "EXT 2006"]
[Source "ChessBase"]
[SourceDate "2005.11.24"]
[SourceVersion "1"]
[SourceVersionDate "2005.11.24"]
[SourceQuality "1"]

1. e4 c5 2. c3 g6 3. d4 cxd4 4. cxd4 d5 5. exd5 Nf6 6. Nf3 Nxd5 7. Nc3 Bg7 8.
Bb5+ Bd7 9. Bd3 Bc6 10. O-O O-O 11. Qe2 Nd7 12. Bg5 Qa5 13. Nxd5 Bxd5 14. Be4
Nf6 15. Bxd5 Nxd5 16. Rfc1 e6 17. Rc5 Qb6 18. Rac1 Qd6 19. Qd2 Qa6 20. a3 b6
21. R5c4 Rac8 22. Qc2 Rxc4 23. Qxc4 Qxc4 24. Rxc4 a5 25. Kf1 Rb8 26. Bh4 b5 27.
Rc6 Kf8 28. Bg3 Ra8 29. Ke2 Ke8 30. Kd3 Kd7 31. Rd6+ Ke7 32. Rc6 Kd7 33. Rc5 b4
34. Rb5 Kc6 35. Rc5+ Kd7 36. Rb5 Kc6 37. a4 Ra7 38. Nd2 Nb6 39. Rc5+ Kd7 40. b3
Bf8 41. Rb5 Kc6 42. f3 Be7 43. Nc4 Nxc4 44. Kxc4 Ra8 45. Kd3 1/2-1/2

[Event "AUT North-ch"]
[Site "Linz"]
[Date "2001.04.12"]
[Round "7"]
[White "Moser, Eva"]
[Black "Beim, Valery"]
[Result "1-0"]
[WhiteElo "2309"]
[BlackElo "2534"]
[PlyCount "93"]
[EventDate "2001.04.06"]
[EventType "swiss"]
[EventRounds "9"]
[EventCountry "AUT"]
[SourceTitle "EXT 2006"]
[Source "ChessBase"]
[SourceDate "2005.11.24"]
[SourceVersion "1"]
[SourceVersionDate "2005.11.24"]
[SourceQuality "1"]

1. e4 Nf6 2. e5 Nd5 3. d4 d6 4. c4 Nb6 5. f4 dxe5 6. fxe5 Nc6 7. Be3 Bf5 8. Nc3
e6 9. Nf3 Be7 10. Be2 O-O 11. O-O f6 12. exf6 Bxf6 13. Qd2 Qd7 14. Rad1 Rad8
15. Qc1 Kh8 16. Kh1 Qe8 17. h3 Bg6 18. Rfe1 Rf7 19. Bf1 Qf8 20. Bg1 Re8 21. Ne4
h6 22. Nxf6 Rxf6 23. d5 exd5 24. Rxe8 Bxe8 25. cxd5 Ne7 26. Bd4 Rd6 27. Be5
Rxd5 28. Rxd5 Nbxd5 29. Qxh6+ Kg8 30. Qg5 Nf5 31. Bxg7 Qxg7 32. Qxf5 c6 33. Qg5
Kf8 34. Qxg7+ Kxg7 35. Kg1 Bf7 36. a3 Ne3 37. Be2 Nd5 38. Kf2 Nb6 39. b4 Kf6
40. Ke3 Nd5+ 41. Kd4 Nf4 42. Bf1 Bd5 43. Ke3 Ne6 44. g4 b6 45. h4 c5 46. bxc5
bxc5 47. Bd3 1-0

[Event "AUT North-ch"]
[Site "Linz"]
[Date "2001.04.10"]
[Round "5"]
[White "Moser, Eva"]
[Black "Loidl, Florian"]
[Result "1-0"]
[WhiteElo "2309"]
[BlackElo "2193"]
[PlyCount "77"]
[EventDate "2001.04.06"]
[EventType "swiss"]
[EventRounds "9"]
[EventCountry "AUT"]
[SourceTitle "EXT 2006"]
[Source "ChessBase"]
[SourceDate "2005.11.24"]
[SourceVersion "1"]
[SourceVersionDate "2005.11.24"]
[SourceQuality "1"]

1. e4 c5 2. g3 Nc6 3. Bg2 e6 4. d3 d5 5. Nd2 Nge7 6. Ngf3 g6 7. O-O Bg7 8. Re1
O-O 9. Nf1 Qc7 10. Qe2 dxe4 11. dxe4 Rd8 12. c3 Bd7 13. h4 b5 14. e5 Rab8 15.
h5 b4 16. Bg5 bxc3 17. bxc3 h6 18. Bf6 Qa5 19. Qc4 Bxf6 20. exf6 Nd5 21. hxg6
Qxc3 22. gxf7+ Kxf7 23. Qe4 Nxf6 24. Qh4 Nd4 25. Ne5+ Kg7 26. g4 Rb4 27. f4 Rh8
28. Nxd7 Ne2+ 29. Rxe2 Qxa1 30. Qxf6+ Qxf6 31. Nxf6 Kxf6 32. Ng3 c4 33. Ne4+
Ke7 34. Nc3 Kd6 35. f5 exf5 36. gxf5 Rf8 37. Bh3 Kc5 38. Rd2 Rb7 39. Na4+ 1-0